| 000 | 00493cam a2200157 4500 | ||
|---|---|---|---|
| 008 | 100915n 000 0 eng u | ||
| 035 | _a(Sirsi) a171375 | ||
| 050 | _aBR 563.N4 WOO 1945 | ||
| 100 | _aWoodson,Carter G. | ||
| 245 |
_aThe History of the Negro Church/ _cCarter G.Woodson |
||
| 250 | _a2nd ed. | ||
| 260 |
_aWashington D.C.: _bThe associated Publishers, _c1945 |
||
| 300 |
_axi,322p. _bill. |
||
| 504 | _aIncludes Bibliographical References | ||
| 650 | _aAfro-Americans--Religion | ||
| 999 |
_c115386 _d115386 |
||